| 000 | 04446cam a22006618i 4500 | ||
|---|---|---|---|
| 999 |
_c200442223 _d60435 |
||
| 001 | 200442223 | ||
| 003 | TR-AnTOB | ||
| 005 | 20231023104049.0 | ||
| 006 | m o d | ||
| 007 | cr ||||||||||| | ||
| 008 | 181217s2019 enk ob 001 0 eng d | ||
| 020 |
_a9781498772969 _q(Adobe Reader) |
||
| 020 | _a149877296X | ||
| 020 |
_a9781351640985 _q(Mobipocket) |
||
| 020 | _a1351640984 | ||
| 020 |
_a9781351650496 _q( ePub3) |
||
| 020 | _a1351650491 | ||
| 020 |
_a9780429320071 _q(electronic bk.) |
||
| 020 |
_a0429320078 _q(electronic bk.) |
||
| 020 |
_a9781000207323 _q(electronic bk. : Mobipocket) |
||
| 020 |
_a1000207323 _q(electronic bk. : Mobipocket) |
||
| 020 |
_a9781000228045 _q(electronic bk. : EPUB) |
||
| 020 |
_a1000228045 _q(electronic bk. : EPUB) |
||
| 020 |
_a9781000186604 _q(electronic bk. : PDF) |
||
| 020 |
_a1000186601 _q(electronic bk. : PDF) |
||
| 020 | _z9781498772952 (hardback) | ||
| 035 | _a(OCoLC)1079401926 | ||
| 035 | _a(OCoLC-P)1079401926 | ||
| 040 |
_aOCoLC-P _beng _erda _cOCoLC-P _dTR-AnTOB |
||
| 041 | 0 | _aeng | |
| 050 | 1 | 0 | _aHD9502.A2 |
| 072 | 7 |
_aBUS _x054000 _2bisacsh |
|
| 072 | 7 |
_aTEC _x010000 _2bisacsh |
|
| 072 | 7 |
_aTEC _x009010 _2bisacsh |
|
| 072 | 7 |
_aPOL _x012000 _2bisacsh |
|
| 072 | 7 |
_aGTJ _2bicssc |
|
| 100 | 1 |
_aBurns, Maria G. _eauthor _9131821 |
|
| 245 | 1 | 0 |
_aManaging energy security : _ban all hazards approach to critical infrastructure / _cMaria G. Burns. |
| 264 | 1 |
_aAbingdon, Oxon ; _aNew York, NY : _bRoutledge, _c2019. |
|
| 300 | _a1 online resource | ||
| 336 |
_atext _btxt _2rdacontent |
||
| 337 |
_acomputer _bn _2rdamedia |
||
| 338 |
_aonline resource _bnc _2rdacarrier |
||
| 505 | 0 | _aEnergy as a critical infrastructure sector -- Major security and safety threat types -- Global energy : a geopolitical and economic landscape -- Oil & gas security -- Coal energy security (fossil fuels; non renewable) -- Nuclear energy security (non-renewable) uranium, plutonium, thorium -- Wind power security -- Hydroelectricity & ocean energy security -- Solar and geothermal energy -- Biofuel & biomass security -- Cyber security in the era of big data -- Energy security forecasting. | |
| 520 |
_a"This interdisciplinary book is written for government and industry professionals who need a comprehensive, accessible guide to modern energy security. Introducing the ten predominant energy types, both renewable and non-renewable, the book illustrates the modern energy landscape from a geopolitical, commercial, economic and technological perspective. Energy is presented as the powerhouse of global economic activities. To ensure the uninterrupted supply of energy, nations, industries and consumers need to have options. Efficient energy security planning ensures that when a primary energy source is depleted, compromised or interrupted, an alternative energy source must be readily available. For this reason, the foundations of energy security are built upon the five pillars of Sustainability, Independence, Efficiency, Affordability and Accessibility. The numerous case studies presented in this book demonstrate that energy security may be compromised in the absence of one out of these five ingredients. The book also entertains the Triple-E notion of Energy Efficiency, Environmental integrity and Economies of scale, used by governments and corporations for energy optimization. One of the key strengths of the book is its ability effectively to cover various scientific disciplines, and several energy types, while remaining comprehensible. This book will be of much interest to security or logistics professionals, economists and engineers, as well as policymakers"-- _cProvided by publisher. |
||
| 588 | _aOCLC-licensed vendor bibliographic record. | ||
| 650 | 0 | _aEnergy security. | |
| 650 | 0 |
_aEnergy policy _919783 |
|
| 650 | 7 |
_aBUSINESS & ECONOMICS / Real Estate / General _2bisacsh |
|
| 650 | 7 |
_aTECHNOLOGY / Environmental Engineering & Technology _2bisacsh |
|
| 650 | 7 |
_aTECHNOLOGY / Engineering / Chemical & Biochemical _2bisacsh |
|
| 650 | 7 |
_aPOLITICAL SCIENCE / Political Freedom & Security / International Security _2bisacsh |
|
| 856 | 4 | 0 |
_3Taylor & Francis _zOnline access link to the resource _uhttps://www.taylorfrancis.com/books/9780429320071 |
| 856 | 4 | 2 |
_3OCLC metadata license agreement _uhttp://www.oclc.org/content/dam/oclc/forms/terms/vbrl-201703.pdf |
| 942 |
_2lcc _cEBK |
||